[Event "LSS No Engine Cup 222 Preliminary 0"]
[Site "LSS email"]
[Date "2021.10.23"]
[Round "?"]
[White "Menu, Vincent"]
[Black "Plummer, Martin"]
[Result "1-0"]
[WhiteElo "1600"]
[BlackElo "1451"]
[PlyCount "74"]
[EventDate "2021.10.23"]
[EventType "tourn (corr)"]
[EventRounds "6"]
[EventCountry "GER"]
[SourceTitle "Corr 2024"]
[Source "ChessBase"]
[SourceDate "2023.10.19"]
[SourceVersion "1"]
[SourceVersionDate "2023.10.19"]
[SourceQuality "1"]

1. e4 c5 2. Nf3 Nc6 3. Bc4 g6 4. c3 Bg7 5. d3 d6 6. 0-0 a6 7. Be3 Ne5 8. Nxe5 Bxe5 9. f4 Bg7 10. Qb3 e6 11. f5 Qe7 12. fxe6 Bxe6 13. Bxe6 fxe6 14. Nd2 Nf6 15. Bg5 0-0 16. Nc4 b5 17. Ne3 Qd7 18. Rf2 Nh5 19. Raf1 Rxf2 20. Rxf2 Rf8 21. Ng4 Rxf2 22. Kxf2 Qf7+ 23. Ke1 Kf8 24. a4 Qd7 25. axb5 axb5 26. Qa2 Kf7 27. Nh6+ Bxh6 28. Bxh6 Nf6 29. h3 Ng8 30. Bf4 h6 31. Qa6 e5 32. Be3 g5 33. d4 c4 34. d5 Nf6 35. Qa8 Kg7 36. g4 Nxe4 37. Ke2 Nf6 1-0

[Event "LSS SF-2021-0-00510"]
[Site "LSS email"]
[Date "2021.09.27"]
[Round "?"]
[White "PVlV, Leg"]
[Black "Menu, Vincent"]
[Result "1-0"]
[WhiteElo "1080"]
[BlackElo "1134"]
[PlyCount "55"]
[EventDate "2021.03.05"]
[EventType "tourn (corr)"]
[EventRounds "6"]
[EventCountry "GER"]
[SourceTitle "Corr 2024"]
[Source "ChessBase"]
[SourceDate "2023.10.19"]
[SourceVersion "1"]
[SourceVersionDate "2023.10.19"]
[SourceQuality "1"]

1. d4 d5 2. c4 c6 3. e3 Nf6 4. Nf3 Bg4 5. cxd5 cxd5 6. Bb5+ Nc6 7. Qa4 Bxf3 8. Bxc6+ Nd7 9. Bxd7+ Qxd7 10. Qxd7+ Kxd7 11. gxf3 e6 12. 0-0 Rc8 13. Nc3 a6 14. e4 dxe4 15. fxe4 Bb4 16. Bd2 Rhd8 17. a3 Ba5 18. b4 Bb6 19. d5 Ke7 20. Na4 Ba7 21. Rac1 h6 22. Rxc8 Rxc8 23. dxe6 Kxe6 24. Be3 Bb8 25. Nc5+ Ke5 26. f4+ Kd6 27. Nxb7+ Ke7 28. Bc5+ 1-0

[Event "LSS SF-2021-0-00510"]
[Site "LSS email"]
[Date "2021.09.17"]
[Round "?"]
[White "Menu, Vincent"]
[Black "Csoma, Robert"]
[Result "0-1"]
[WhiteElo "1134"]
[BlackElo "1124"]
[PlyCount "86"]
[EventDate "2021.03.05"]
[EventType "tourn (corr)"]
[EventRounds "6"]
[EventCountry "GER"]
[SourceTitle "Corr 2024"]
[Source "ChessBase"]
[SourceDate "2023.10.19"]
[SourceVersion "1"]
[SourceVersionDate "2023.10.19"]
[SourceQuality "1"]

1. e4 c5 2. Nf3 d6 3. d4 cxd4 4. Nxd4 Nf6 5. Nc3 a6 6. Bd3 e6 7. 0-0 Be7 8. f4 0-0 9. Be3 b5 10. e5 dxe5 11. fxe5 Nd5 12. Nxd5 exd5 13. Qh5 g6 14. Qf3 Be6 15. Nxe6 fxe6 16. Qg4 Kg7 17. Qxe6 Qd7 18. Qxd7 Nxd7 19. Bd4 Bc5 20. Bxc5 Nxc5 21. Rae1 Rxf1+ 22. Rxf1 Re8 23. Re1 Kf7 24. Kf2 Nd7 25. e6+ Rxe6 26. Rxe6 Kxe6 27. Ke3 Ke5 28. c3 Nf6 29. Be2 Nd7 30. Bg4 Nb6 31. b3 h6 32. Be2 g5 33. Bh5 Na8 34. g3 a5 35. Kf3 b4 36. c4 dxc4 37. bxc4 a4 38. Bg6 b3 39. axb3 axb3 40. Kg4 Kf6 41. Kh5 Kg7 42. c5 Nc7 43. c6 Nd5 0-1

[Event "RE-2020-0-00217"]
[Site "LSS email"]
[Date "2020.02.01"]
[Round "?"]
[White "Prokopets, Vasilij"]
[Black "Menu, Vincent"]
[Result "1-0"]
[WhiteElo "1354"]
[BlackElo "1324"]
[PlyCount "21"]
[EventDate "2019.12.26"]
[EventType "tourn (corr)"]
[EventRounds "6"]
[EventCountry "GER"]
[SourceTitle "Corr 2022"]
[Source "ChessBase"]
[SourceDate "2021.10.24"]
[SourceVersion "1"]
[SourceVersionDate "2021.10.24"]
[SourceQuality "1"]

1. e4 e5 2. f4 d6 3. Nf3 Nc6 4. Bc4 f6 5. f5 b6 6. Nh4 Nd4 7. c3 g5 8. cxd4 gxh4 9. Qh5+ Kd7 10. Be6+ Kc6 11. Bd5+ 1-0

[Event "RN-2014-0-00768"]
[Site "LSS email"]
[Date "2014.02.23"]
[Round "?"]
[White "Linart, Ludvik"]
[Black "Menu, Vincent"]
[Result "1-0"]
[WhiteElo "875"]
[BlackElo "935"]
[PlyCount "59"]
[EventDate "2014.02.13"]
[EventType "tourn (corr)"]
[EventRounds "6"]
[EventCountry "GER"]
[SourceTitle "Telechess CBM 167"]
[Source "ChessBase"]
[SourceDate "2015.07.13"]
[SourceVersion "1"]
[SourceVersionDate "2015.07.13"]
[SourceQuality "1"]

1. d4 d5 2. c4 e6 3. Nc3 Nf6 4. Bg5 h6 5. Bxf6 gxf6 6. e4 Bb4 7. cxd5 exd5 8. Bd3 b6 9. Nge2 Nc6 10. exd5 Bxc3+ 11. bxc3 Qxd5 12. 0-0 Rg8 13. Ng3 h5 14. Re1+ Be6 15. Be4 Qc4 16. Bxc6+ Qxc6 17. d5 Qc4 18. dxe6 fxe6 19. Qxh5+ Kf8 20. Qh6+ Kf7 21. Rad1 Qc6 22. Re3 Rae8 23. Rf3 f5 24. Rfd3 Re7 25. f3 Qc5+ 26. Kh1 Qe5 27. Qh5+ Kg7 28. Rd7 Qf6 29. f4 Rge8 30. Qxe8 1-0

[Event "RN-2013-0-00748"]
[Site "LSS email"]
[Date "2014.01.05"]
[Round "?"]
[White "Linart, Ludvik"]
[Black "Menu, Vincent"]
[Result "0-1"]
[WhiteElo "904"]
[BlackElo "935"]
[PlyCount "56"]
[EventDate "2013.12.28"]
[EventType "tourn (corr)"]
[EventRounds "6"]
[EventCountry "GER"]
[SourceTitle "Telechess CBM 167"]
[Source "ChessBase"]
[SourceDate "2015.07.13"]
[SourceVersion "1"]
[SourceVersionDate "2015.07.13"]
[SourceQuality "1"]

1. d4 d5 2. c4 e6 3. Nc3 c6 4. cxd5 exd5 5. Nf3 Nf6 6. a4 Bb4 7. Bd2 0-0 8. e3 Bg4 9. Be2 Re8 10. 0-0 Bxc3 11. Bxc3 Ne4 12. Qc2 Nd7 13. Ne1 Bxe2 14. Qxe2 Nxc3 15. bxc3 Qa5 16. Qd3 Nf6 17. Nf3 h6 18. Nd2 Qc7 19. Rfb1 b6 20. c4 Qd7 21. a5 Qc7 22. axb6 axb6 23. g3 Ra7 24. Rxa7 Qxa7 25. cxd5 cxd5 26. Qb5 Rb8 27. Nb3 Ne4 28. Qxd5 Nc3 0-1

[Event "RN-2013-0-00748"]
[Site "LSS email"]
[Date "2014.01.04"]
[Round "?"]
[White "Menu, Vincent"]
[Black "Feng, Jason"]
[Result "0-1"]
[WhiteElo "935"]
[BlackElo "903"]
[PlyCount "72"]
[EventDate "2013.12.28"]
[EventType "tourn (corr)"]
[EventRounds "6"]
[EventCountry "GER"]
[SourceTitle "Telechess CBM 167"]
[Source "ChessBase"]
[SourceDate "2015.07.13"]
[SourceVersion "1"]
[SourceVersionDate "2015.07.13"]
[SourceQuality "1"]

1. e4 e5 2. Nf3 Nc6 3. Bc4 Nf6 4. d3 Be7 5. Nc3 0-0 6. Bg5 h6 7. Bxf6 Bxf6 8. Nd5 Be7 9. Nxe7+ Qxe7 10. c3 d6 11. h3 Be6 12. Bxe6 Qxe6 13. 0-0 Rae8 14. Re1 Qg6 15. Qb3 b6 16. Qc4 Ne7 17. Qxc7 f5 18. Nd2 fxe4 19. dxe4 Qf6 20. Re2 Ng6 21. g3 Rf7 22. Qc4 Ref8 23. Rf1 Kh7 24. Qd3 h5 25. Nc4 h4 26. Rd2 hxg3 27. f3 Nf4 28. Qe3 Nxh3+ 29. Kg2 Nf4+ 30. Kxg3 Qg5+ 31. Kf2 Qh4+ 32. Kg1 Qg3+ 33. Kh1 Rf6 34. Rff2 Rh6+ 35. Rh2 Rff6 36. Qg1 Qxf3+ 0-1

[Event "RN-2013-0-00748"]
[Site "LSS email"]
[Date "2014.01.04"]
[Round "?"]
[White "Menu, Vincent"]
[Black "Venturas, Bob"]
[Result "1-0"]
[WhiteElo "935"]
[BlackElo "701"]
[PlyCount "95"]
[EventDate "2013.12.28"]
[EventType "tourn (corr)"]
[EventRounds "6"]
[EventCountry "GER"]
[SourceTitle "Telechess CBM 167"]
[Source "ChessBase"]
[SourceDate "2015.07.13"]
[SourceVersion "1"]
[SourceVersionDate "2015.07.13"]
[SourceQuality "1"]

1. e4 e5 2. Nf3 d6 3. Bc4 h6 4. h3 Nf6 5. Nc3 Be7 6. d3 a6 7. a3 Nc6 8. Nd5 0-0 9. c3 b5 10. Ba2 Be6 11. Nxe7+ Qxe7 12. Bxe6 Qxe6 13. 0-0 Ne7 14. Re1 Ng6 15. Qc2 c6 16. b4 Nh5 17. d4 Nhf4 18. Bxf4 Nxf4 19. a4 Qc4 20. Nd2 Qe6 21. a5 Kh8 22. Nf1 f5 23. Ng3 fxe4 24. Qxe4 Nd5 25. Ra3 Rf4 26. Qd3 Raf8 27. f3 Ne7 28. dxe5 dxe5 29. Re4 R4f5 30. Nxf5 Nxf5 31. Ra1 Ng3 32. Ree1 Re8 33. f4 Nh5 34. Rxe5 Qf7 35. Rxe8+ Qxe8 36. Qf3 Nf6 37. Rd1 Nd5 38. f5 Qe3+ 39. Qxe3 Nxe3 40. Rd8+ Kh7 41. Ra8 Nd5 42. Rxa6 Nxc3 43. Rxc6 Nd5 44. Rc5 Nxb4 45. Rxb5 Nc6 46. a6 Na7 47. Rb7 Nc6 48. Rc7 1-0

[Event "SN-2013-0-00565"]
[Site "LSS email"]
[Date "2014.01.03"]
[Round "?"]
[White "Garcia, Javier N"]
[Black "Menu, Vincent"]
[Result "0-1"]
[WhiteElo "813"]
[BlackElo "935"]
[PlyCount "68"]
[EventDate "2013.12.19"]
[EventType "tourn (corr)"]
[EventRounds "6"]
[EventCountry "GER"]
[SourceTitle "Telechess CBM 167"]
[Source "ChessBase"]
[SourceDate "2015.07.13"]
[SourceVersion "1"]
[SourceVersionDate "2015.07.13"]
[SourceQuality "1"]

1. d4 d5 2. c4 e6 3. Nf3 f6 4. e3 b6 5. cxd5 exd5 6. Bb5+ c6 7. Bd3 Bd6 8. 0-0 Ne7 9. Nc3 Bg4 10. h3 Bxf3 11. Qxf3 Nd7 12. Qh5+ g6 13. Qe2 f5 14. f4 0-0 15. g4 Nf6 16. gxf5 Nxf5 17. Bxf5 gxf5 18. Qg2+ Kh8 19. Kh1 Nh5 20. Rg1 Qh4 21. Bd2 Rg8 22. Qh2 Ng3+ 23. Rxg3 Qxg3 24. Qxg3 Rxg3 25. Rg1 Rxh3+ 26. Kg2 Rh6 27. Kf1 Bb4 28. a3 Bxc3 29. bxc3 Rg8 30. Rxg8+ Kxg8 31. Ke2 Rg6 32. Kd3 h5 33. c4 h4 34. e4 dxe4+ 0-1

[Event "SN-2013-0-00565"]
[Site "LSS email"]
[Date "2014.01.03"]
[Round "?"]
[White "Menu, Vincent"]
[Black "Guaimare Rodriguez, Carlos Luis"]
[Result "0-1"]
[WhiteElo "935"]
[BlackElo "919"]
[PlyCount "98"]
[EventDate "2013.12.19"]
[EventType "tourn (corr)"]
[EventRounds "6"]
[EventCountry "GER"]
[SourceTitle "Telechess CBM 167"]
[Source "ChessBase"]
[SourceDate "2015.07.13"]
[SourceVersion "1"]
[SourceVersionDate "2015.07.13"]
[SourceQuality "1"]

1. e4 e5 2. Nf3 Nc6 3. Bc4 Bc5 4. c3 Nf6 5. d3 a6 6. Nbd2 Ba7 7. b4 0-0 8. 0-0 d6 9. h3 Be6 10. Bxe6 fxe6 11. Bb2 d5 12. Re1 Qd6 13. exd5 exd5 14. Qb3 Kh8 15. a3 Rae8 16. c4 e4 17. Bxf6 Qxf6 18. dxe4 dxe4 19. Nxe4 Rxe4 20. c5 Nd4 21. Qd3 Nxf3+ 22. Qxf3 Qxf3 23. gxf3 Ref4 24. Re7 Bb8 25. Kg2 Rxf3 26. Ra2 R3f7 27. Rxf7 Rxf7 28. Re2 Kg8 29. Kg3 c6+ 30. Kg4 Rf4+ 31. Kg5 h6+ 32. Kh5 Kh7 33. Re7 Rxf2 34. Rxb7 Be5 35. Rb6 Rf3 36. Rxc6 Rxh3+ 37. Kg4 Rxa3 38. Rb6 Bd4 39. Rb7 Rb3 40. c6 Be5 41. Kf5 Bh2 42. Ke6 h5 43. Kd7 h4 44. c7 Bxc7 45. Rxc7 Rxb4 46. Rc3 Re4 47. Kc6 a5 48. Kd5 Rg4 49. Ke5 Kh6 0-1

[Event "SN-2013-0-00565"]
[Site "LSS email"]
[Date "2014.01.03"]
[Round "?"]
[White "Menu, Vincent"]
[Black "Salinas, Evin"]
[Result "1-0"]
[WhiteElo "935"]
[BlackElo "740"]
[PlyCount "51"]
[EventDate "2013.12.19"]
[EventType "tourn (corr)"]
[EventRounds "6"]
[EventCountry "GER"]
[SourceTitle "Telechess CBM 167"]
[Source "ChessBase"]
[SourceDate "2015.07.13"]
[SourceVersion "1"]
[SourceVersionDate "2015.07.13"]
[SourceQuality "1"]

1. e4 e5 2. Nf3 Nc6 3. Bc4 Nf6 4. d3 Bc5 5. h3 h6 6. c3 d5 7. Bb5 dxe4 8. Bxc6+ Bd7 9. Bxd7+ Qxd7 10. Nxe5 Qd5 11. d4 0-0-0 12. 0-0 Bb6 13. Be3 c5 14. c4 cxd4 15. cxd5 dxe3 16. fxe3 Rxd5 17. Qb3 Kb8 18. Ng4 Rhd8 19. Nxf6 gxf6 20. Na3 Rd2 21. Rad1 Rxd1 22. Rxd1 Rxd1+ 23. Qxd1 Bxe3+ 24. Kf1 Bb6 25. Qd6+ Kc8 26. Qxf6 1-0

[Event "LSS RF-2011-0-00082"]
[Site "LSS email"]
[Date "2011.06.07"]
[Round "?"]
[White "Tittarelli, Adriano"]
[Black "Menu, Vincent"]
[Result "1-0"]
[WhiteElo "1099"]
[BlackElo "840"]
[PlyCount "109"]
[EventDate "2011.04.29"]
[EventType "tourn (corr)"]
[EventRounds "6"]
[EventCountry "GER"]
[SourceTitle "Telechess CBM 147"]
[Source "ChessBase"]
[SourceDate "2012.03.16"]
[SourceVersion "1"]
[SourceVersionDate "2012.03.16"]
[SourceQuality "1"]

1. d4 d5 2. Bf4 Nf6 3. e3 Bf5 4. Nf3 Nc6 5. c3 Nh5 6. Bg3 Nxg3 7. hxg3 Bg4 8. Be2 g6 9. Nbd2 Bg7 10. Rh4 Bd7 11. Qb3 Bc8 12. 0-0-0 e6 13. Rdh1 h6 14. e4 a6 15. e5 f6 16. Bd3 g5 17. Rh5 fxe5 18. Bg6+ Kd7 19. Nxe5+ Nxe5 20. dxe5 Qf8 21. Nf3 g4 22. Qa4+ c6 23. Qxg4 Kc7 24. Qf4 Qxf4+ 25. gxf4 Bd7 26. Nd4 c5 27. Ne2 Be8 28. Bxe8 Raxe8 29. R1h4 Ref8 30. g3 Rf7 31. Rg4 Bf8 32. Ng1 b5 33. Nf3 Be7 34. Rg6 Kd7 35. Rgxh6 Rxh6 36. Rxh6 b4 37. cxb4 cxb4 38. Nd4 Bc5 39. Nxe6 Bxf2 40. Kc2 Bxg3 41. Nc5+ Ke7 42. Re6+ Kf8 43. f5 Rxf5 44. Rf6+ Rxf6 45. exf6 Kf7 46. Nxa6 Bd6 47. Kb3 Kxf6 48. Nxb4 Ke5 49. Nc6+ Ke4 50. a4 d4 51. Kc2 Ke3 52. a5 Bc5 53. b4 d3+ 54. Kd1 Bd6 55. a6 1-0

[Event "RN-2011-0-00373"]
[Site "LSS email"]
[Date "2011.04.23"]
[Round "?"]
[White "Venturas, Bob"]
[Black "Menu, Vincent"]
[Result "0-1"]
[WhiteElo "646"]
[BlackElo "851"]
[PlyCount "120"]
[EventDate "2011.04.09"]
[EventType "tourn (corr)"]
[EventRounds "6"]
[EventCountry "GER"]
[SourceTitle "Telechess CBM 147"]
[Source "ChessBase"]
[SourceDate "2012.03.16"]
[SourceVersion "1"]
[SourceVersionDate "2012.03.16"]
[SourceQuality "1"]

1. e4 e5 2. Nf3 Nc6 3. a3 Bc5 4. Nc3 d6 5. h3 Nf6 6. Bc4 h6 7. d3 Be6 8. Bxe6 fxe6 9. Bd2 d5 10. 0-0 Qe7 11. Ne1 0-0-0 12. Kh1 g5 13. Ne2 dxe4 14. Ng3 Rhf8 15. Qb1 exd3 16. Nxd3 Bb6 17. Qe1 Kb8 18. Rd1 e4 19. Nxe4 Nxe4 20. Qxe4 Rf6 21. Rde1 Rdf8 22. Ne5 Nxe5 23. Bb4 Bc5 24. Qxe5 Bxb4 25. axb4 Qxb4 26. Re2 Qd6 27. f3 Qxe5 28. Rxe5 c6 29. Rfe1 Re8 30. Kh2 Kc7 31. g4 Rxf3 32. R1e2 Rf6 33. c4 Kd6 34. c5+ Ke7 35. R5e4 Rd8 36. Ra4 a6 37. Ra3 Rd5 38. Rb3 Rxc5 39. Rxb7+ Kd6 40. Rd2+ Rd5 41. Rc2 a5 42. Rb3 e5 43. Re3 Rf4 44. Kg3 c5 45. Rec3 e4 46. Ra3 Rd3+ 47. Rxd3+ exd3 48. Rd2 c4 49. h4 Kd5 50. hxg5 hxg5 51. b3 Kd4 52. bxc4 Kxc4 53. Ra2 Kb4 54. Rb2+ Kc3 55. Rb5 d2 56. Rxg5 Rf1 57. Rc5+ Kb4 58. Rd5 d1Q 59. Rxd1 Rxd1 60. g5 a4 0-1

[Event "RN-2011-0-00351"]
[Site "LSS email"]
[Date "2011.02.16"]
[Round "?"]
[White "Menu, Vincent"]
[Black "Oberlaender, Rolf"]
[Result "1-0"]
[WhiteElo "814"]
[BlackElo "692"]
[PlyCount "43"]
[EventDate "2011.01.30"]
[EventType "tourn (corr)"]
[EventRounds "6"]
[EventCountry "GER"]
[SourceTitle "Telechess CBM 145"]
[Source "Chessbase"]
[SourceDate "2011.11.11"]
[SourceVersion "1"]
[SourceVersionDate "2011.11.11"]
[SourceQuality "1"]

1. e4 e5 2. Nf3 Nf6 3. Nc3 Bb4 4. d3 0-0 5. Bd2 b6 6. a3 Bc5 7. h3 c6 8. Nxe5 d6 9. Nf3 Nbd7 10. b4 Bxf2+ 11. Kxf2 d5 12. Bg5 Ba6 13. exd5 cxd5 14. Nxd5 Qb8 15. Nxf6+ gxf6 16. Bh4 Qf4 17. Bg3 Qf5 18. Kg1 Qe6 19. Nd4 Qe3+ 20. Bf2 Qf4 21. Qg4+ Qg5 22. Be3 1-0

[Event "RN-2011-0-00351"]
[Site "LSS email"]
[Date "2011.02.16"]
[Round "?"]
[White "Menu, Vincent"]
[Black "Rose, Robert E"]
[Result "1/2-1/2"]
[WhiteElo "814"]
[BlackElo "701"]
[PlyCount "42"]
[EventDate "2011.01.30"]
[EventType "tourn (corr)"]
[EventRounds "6"]
[EventCountry "GER"]
[SourceTitle "Telechess CBM 145"]
[Source "Chessbase"]
[SourceDate "2011.11.11"]
[SourceVersion "1"]
[SourceVersionDate "2011.11.11"]
[SourceQuality "1"]

1. e4 c5 2. Nf3 d6 3. Bc4 e6 4. c3 Nf6 5. d3 Nc6 6. a3 Be7 7. Be3 Bd7 8. b4 b6 9. Nbd2 0-0 10. Bb3 Qc7 11. d4 cxd4 12. cxd4 Rac8 13. Rc1 Qb7 14. h3 Nb8 15. e5 dxe5 16. dxe5 Nd5 17. Bxd5 Qxd5 18. 0-0 Rxc1 19. Qxc1 Rc8 20. Qb2 Bb5 21. Rc1 Rxc1+ 1/2-1/2

[Event "RN-2011-0-00351"]
[Site "LSS email"]
[Date "2011.02.16"]
[Round "?"]
[White "Vontina, Maria"]
[Black "Menu, Vincent"]
[Result "1/2-1/2"]
[WhiteElo "599"]
[BlackElo "814"]
[PlyCount "57"]
[EventDate "2011.01.30"]
[EventType "tourn (corr)"]
[EventRounds "6"]
[EventCountry "GER"]
[SourceTitle "Telechess CBM 145"]
[Source "Chessbase"]
[SourceDate "2011.11.11"]
[SourceVersion "1"]
[SourceVersionDate "2011.11.11"]
[SourceQuality "1"]

1. e4 e5 2. Nf3 Nc6 3. Bb5 d6 4. d4 a6 5. Ba4 b5 6. Bb3 Nf6 7. Bg5 h6 8. Bh4 g5 9. Bg3 Bg4 10. dxe5 Nxe5 11. Bxe5 Bxf3 12. Qxf3 dxe5 13. Nc3 Bg7 14. Rd1 Qe7 15. a3 0-0 16. 0-0 Rad8 17. Nd5 Nxd5 18. Bxd5 Qf6 19. Qe3 Rd6 20. Bb3 Rfd8 21. c3 Qe7 22. Rxd6 Rxd6 23. Rd1 Qd7 24. Rxd6 Qxd6 25. f3 Bf8 26. Kf2 c5 27. Bd5 Kg7 28. b3 Be7 29. c4 1/2-1/2

[Event "LSS RF-2010-0-00061"]
[Site "LSS email"]
[Date "2010.11.12"]
[Round "?"]
[White "Zalascek, Vlado"]
[Black "Menu, Vincent"]
[Result "1-0"]
[WhiteElo "1090"]
[BlackElo "829"]
[PlyCount "41"]
[EventDate "2010.09.22"]
[EventType "tourn (corr)"]
[EventRounds "6"]
[EventCountry "GER"]
[SourceTitle "Telechess CBM 143"]
[Source "ChessBase"]
[SourceDate "2011.07.15"]
[SourceVersion "1"]
[SourceVersionDate "2011.07.15"]
[SourceQuality "1"]

1. e4 e5 2. Nf3 Nc6 3. Bb5 d6 4. d4 Bd7 5. Nc3 exd4 6. Nxd4 Nxd4 7. Bxd7+ Qxd7 8. Qxd4 a6 9. 0-0 c6 10. Bf4 c5 11. Qc4 g6 12. e5 0-0-0 13. Rad1 b5 14. Qe4 Qb7 15. Nd5 Ne7 16. Bg5 Rd7 17. exd6 Nc6 18. Qe8+ Nd8 19. Bxd8 Bg7 20. Ne7+ Kb8 21. Bc7+ 1-0

[Event "LSS RN-2010-0-00328"]
[Site "LSS email"]
[Date "2010.10.21"]
[Round "?"]
[White "Menu, Vincent"]
[Black "Hughes, Peter"]
[Result "1/2-1/2"]
[WhiteElo "818"]
[BlackElo "582"]
[PlyCount "114"]
[EventDate "2010.10.09"]
[EventType "tourn (corr)"]
[EventRounds "6"]
[EventCountry "GER"]
[SourceTitle "Telechess CBM 147"]
[Source "ChessBase"]
[SourceDate "2012.03.16"]
[SourceVersion "1"]
[SourceVersionDate "2012.03.16"]
[SourceQuality "1"]

1. e4 e5 2. Nf3 Nc6 3. Bc4 Bc5 4. c3 Nf6 5. d3 d6 6. h3 0-0 7. Bg5 h6 8. Bh4 g5 9. Bg3 Qd7 10. Nbd2 Na5 11. b4 Nxc4 12. Nxc4 Bb6 13. Nxb6 axb6 14. Nd2 b5 15. Qb3 b6 16. f3 Nh5 17. Bh2 Qe7 18. Qd5 Ra7 19. Qxb5 Nf4 20. Bxf4 exf4 21. d4 Bd7 22. Qd3 c6 23. 0-0 d5 24. Rfe1 Ra3 25. Nb1 Ra7 26. a3 Qd6 27. e5 Qe6 28. a4 h5 29. Nd2 g4 30. Nf1 gxh3 31. Re2 Kh8 32. Nh2 Rg8 33. Raa2 hxg2 34. Rxg2 Raa8 35. Qd2 Qf5 36. Qe1 Rg5 37. Rxg5 Qxg5+ 38. Kh1 Rg8 39. Qf2 Qf5 40. Ra1 Qd3 41. Rc1 Bh3 42. Rg1 Rxg1+ 43. Kxg1 Qd1+ 44. Nf1 Qxa4 45. Qh4 Bxf1 46. Qxh5+ Kg7 47. Qg4+ Kf8 48. Kxf1 Qd1+ 49. Kg2 Qd2+ 50. Kh3 Qxc3 51. Qxf4 Qxb4 52. Qh6+ Ke7 53. Qxc6 Qxd4 54. Qd6+ Ke8 55. Qc6+ Ke7 56. Qd6+ Ke8 57. Qc6+ Ke7 1/2-1/2

[Event "LSS RN-2010-0-00311"]
[Site "LSS email"]
[Date "2010.08.25"]
[Round "?"]
[White "Menu, Vincent"]
[Black "Tassinati, Mirco"]
[Result "0-1"]
[WhiteElo "832"]
[BlackElo "503"]
[PlyCount "66"]
[EventDate "2010.08.07"]
[EventType "tourn (corr)"]
[EventRounds "6"]
[EventCountry "GER"]
[SourceTitle "Telechess CBM 143"]
[Source "ChessBase"]
[SourceDate "2011.07.15"]
[SourceVersion "1"]
[SourceVersionDate "2011.07.15"]
[SourceQuality "1"]

1. e4 e5 2. Nf3 Nc6 3. Bc4 Nf6 4. d3 Bb4+ 5. c3 Bc5 6. b4 Be7 7. h3 d5 8. exd5 Nxd5 9. Bb5 a6 10. Bxc6+ bxc6 11. Nxe5 Bd7 12. Qf3 0-0 13. Nxd7 Qxd7 14. 0-0 Bf6 15. d4 a5 16. Ba3 axb4 17. Bxb4 Nxb4 18. cxb4 Qxd4 19. Qb3 Qb6 20. Nc3 Rad8 21. Rad1 Rxd1 22. Rxd1 Bd4 23. Rf1 h6 24. Ne2 Re8 25. Nxd4 Qxd4 26. a4 c5 27. bxc5 Qxc5 28. Ra1 Re2 29. Qf3 Qe5 30. Rc1 Qb2 31. Rd1 Qe5 32. Kf1 Ra2 33. Qb3 Qe2+ 0-1

[Event "LSS RF-2010-0-00048"]
[Site "LSS email"]
[Date "2010.05.25"]
[Round "?"]
[White "Babos, Istvan"]
[Black "Menu, Vincent"]
[Result "1-0"]
[WhiteElo "1041"]
[BlackElo "818"]
[PlyCount "41"]
[EventDate "2010.03.19"]
[EventType "tourn (corr)"]
[EventRounds "6"]
[EventCountry "GER"]
[SourceTitle "Telechess CBM 147"]
[Source "ChessBase"]
[SourceDate "2012.03.16"]
[SourceVersion "1"]
[SourceVersionDate "2012.03.16"]
[SourceQuality "1"]

1. d4 d5 2. Nf3 Nf6 3. c4 dxc4 4. e3 Be6 5. Nc3 g6 6. Ng5 Qd7 7. Nxe6 Qxe6 8. Qa4+ c6 9. Bxc4 Qf5 10. Qb3 b6 11. Bxf7+ Kd8 12. 0-0 Nbd7 13. e4 Qh5 14. e5 Ng4 15. h3 Nh6 16. Be6 Nf5 17. Qa4 b5 18. Qa5+ Nb6 19. Rd1 Ng7 20. Bg4 Qh4 21. g3 1-0

[Event "LSS BI-2010-P-00027"]
[Site "LSS email"]
[Date "2010.04.19"]
[Round "?"]
[White "De Jong, Bert"]
[Black "Menu, Vincent"]
[Result "1-0"]
[WhiteElo "1770"]
[BlackElo "829"]
[PlyCount "35"]
[EventDate "2010.04.22"]
[EventType "tourn (corr)"]
[EventRounds "10"]
[EventCountry "GER"]
[SourceTitle "Corr 2013"]
[Source "ChessBase"]
[SourceDate "2012.11.12"]
[SourceVersion "1"]
[SourceVersionDate "2012.11.12"]
[SourceQuality "1"]

1. d4 d5 2. c4 c6 3. Nf3 Bg4 4. Ne5 Bf5 5. cxd5 f6 6. dxc6 bxc6 7. Nc4 e6 8. Nc3 Bb4 9. Qb3 Bxc3+ 10. bxc3 Nd7 11. Nd6+ Kf8 12. Ba3 Ne7 13. e4 Bg6 14. Qxe6 Nb6 15. Rb1 Qd7 16. Qxd7 Nxd7 17. Rb7 Kg8 18. Rxd7 1-0

[Event "LSS BI-2010-P-00027"]
[Site "LSS email"]
[Date "2010.04.19"]
[Round "?"]
[White "Menu, Vincent"]
[Black "Nielsen, Bjarne"]
[Result "0-1"]
[WhiteElo "818"]
[BlackElo "1883"]
[PlyCount "32"]
[EventDate "2010.04.22"]
[EventType "tourn (corr)"]
[EventRounds "10"]
[EventCountry "GER"]
[SourceTitle "Corr 2015"]
[Source "ChessBase"]
[SourceDate "2015.07.17"]
[SourceVersion "1"]
[SourceVersionDate "2015.07.17"]
[SourceQuality "1"]

1. e4 e5 2. Nf3 Nc6 3. Bc4 Bc5 4. c3 Nf6 5. d3 a6 6. Bg5 Ba7 7. Nbd2 h6 8. Bxf6 Qxf6 9. Nb3 d6 10. h3 Ne7 11. d4 Ng6 12. dxe5 dxe5 13. 0-0 Nf4 14. Nh2 Qg5 15. Qf3 Bxh3 16. Rfd1 Bxg2 0-1